LEADER 01336nam a2200301 i 4500 001 000000110584 003 CaOOAMICUS 005 20021206000000.0 008 021206s1996 it u000 u ita u 013 $a83265 020 $a88-420-5056-3 040 $aSeMil$bita 100 1 $aDe Rita, Giuseppe,$d<1932- >.$0(OLS)http://semarc/name/16002 245 10$aIntervista sulla borghesia in Italia /$cGiuseppe De Rita ; a cura di Antonio Galdo. 260 $aRoma ; Bari :$bLaterza,$cstampa 1996. 300 $a149 p. :$bill. ;$c18 cm. 490 0 $aSaggi tascabili Laterza ;$v199 500 $aIn Appendice : La crescita della societŕ italiana negli ultimi quarant'anni. - Fondo Card. C.M. Martini. 650 4$aBorghesia - Italia - 1950-1995.$0(OLS)http://semarc/subject/19675 700 1 $aGaldo, Antonio,$d<1957- >.$0(OLS)http://semarc/name/46363 830 0$aSaggi tascabili Laterza ;$v199.$0(OLS)http://semarc/title/6926 850 $aSeMil 852 $aSeMil$W1$xVenegono$y1$m3N I 530$j66459$B66459$CSeMilBibl$Z2$F101320 $81 941 1 $a4 961 $aOmaggio: Martini Card. Carlo Maria 996 $6020$a88-420-5056-3$9(OLS)http://semarc/number/92426 996 $6245$aIntervista sulla borghesia in Italia$9(OLS)http://semarc/title/160754 996 $6260$aRoma ; Bari :$bLaterza$9(OLS)http://semarc/publisher/30305 LEADER 01026nab a2200169 i 4500 001 000000285111 003 CaOOAMICUS 005 20180831165307.0 008 180831n xx uu u0 0und r 013 $a38508 040 $aSeMil$bita 100 1 $aParazzoli, Ferruccio,$d<1935- >.$0(OLS)http://semarc/name/17209 245 13$aLa catechesi in Europa e in Italia alle soglie del terzo millennio cristiano ; Recuperare la «memoria storica» ; Il nuovo areopago della comunicazione e la nuova evangelizzazione ; Interrogarsi sulla fede ; Il mistero di Cristo/1... ; 79 p. 500 $aGennaio-Febbraio 1997, Anno 66. 650 4$aZurbarán <1598-1664>.$0(OLS)http://semarc/subject/30709 773 0 $t1997.$dLeumann (TO) : Elledici, 1997.$w()239428 996 $6245$aLa catechesi in Europa e in Italia alle soglie del terzo millennio cristiano ; Recuperare la «memoria storica» ; Il nuovo areopago della comunicazione e la nuova evangelizzazione ; Interrogarsi sulla fede ; Il mistero di Cristo/1... ; 79 p.$9(OLS)http://semarc/title/365925